[Event "IND-chB 45th"]
[Site "Dindigul"]
[Date "2007.06.16"]
[Round "8"]
[White "Debashis, Das"]
[Black "Sivanandan, BS."]
[Result "1/2-1/2"]
[WhiteElo "2197"]
[BlackElo "2326"]
[PlyCount "67"]
[EventDate "2007.06.11"]
[EventType "swiss"]
[EventRounds "12"]
[EventCountry "IND"]
[SourceTitle "CBM 119 Extra"]
[Source "ChessBase"]
[SourceDate "2007.09.04"]
[SourceVersion "1"]
[SourceVersionDate "2007.09.04"]
[SourceQuality "1"]

1. e4 d5 2. exd5 Nf6 3. d4 Bg4 4. Be2 Bxe2 5. Qxe2 Qxd5 6. Nf3 Nc6 7. c4 Qf5 8. 0-0 0-0-0 9. d5 Nb4 10. Nc3 e6 11. Qe5 Qd3 12. dxe6 Bd6 13. Qe3 Qxe3 14. Bxe3 Nc2 15. Rab1 Nxe3 16. fxe3 fxe6 17. b4 c6 18. h3 h6 19. Kf2 Bc7 20. Ke2 Rd7 21. Rfd1 Rxd1 22. Rxd1 Rd8 23. Rxd8+ Kxd8 24. Kd3 Ke7 25. g4 a5 26. a3 axb4 27. axb4 Bd6 28. b5 Bb4 29. bxc6 bxc6 30. Ne4 Nd7 31. Kc2 Bc5 32. Kd3 Bb4 33. Kc2 Bc5 34. Kd3 1/2-1/2

[Event "IND-chB 45th"]
[Site "Dindigul"]
[Date "2007.06.13"]
[Round "4"]
[White "Prasenjit, Dutta"]
[Black "Sivanandan, BS."]
[Result "1-0"]
[WhiteElo "2256"]
[BlackElo "2326"]
[PlyCount "135"]
[EventDate "2007.06.11"]
[EventType "swiss"]
[EventRounds "12"]
[EventCountry "IND"]
[SourceTitle "CBM 119 Extra"]
[Source "ChessBase"]
[SourceDate "2007.09.04"]
[SourceVersion "1"]
[SourceVersionDate "2007.09.04"]
[SourceQuality "1"]

1. e4 e5 2. d4 exd4 3. Qxd4 Nc6 4. Qe3 Nf6 5. Nc3 Bb4 6. Bd2 0-0 7. 0-0-0 Re8 8. f3 d5 9. Qf2 dxe4 10. Bg5 Bd6 11. Qh4 h6 12. Bxf6 Qxf6 13. Qxf6 gxf6 14. Nxe4 Be5 15. Ne2 f5 16. Nc5 Bd6 17. Nd3 Be6 18. a3 Rad8 19. Nef4 Nd4 20. Nh5 Be7 21. Ndf4 c5 22. Kb1 Kf8 23. Nxe6+ fxe6 24. c3 Nc6 25. Bc4 Bd6 26. Rhe1 Ne5 27. Bb5 Nc6 28. Bc4 Kf7 29. g4 Ne5 30. Be2 c4 31. gxf5 exf5 32. f4 Nd3 33. Bxd3 Rxe1 34. Bxc4+ Re6 35. Rg1 Bf8 36. Ng3 Kf6 37. Bxe6 Kxe6 38. Re1+ Kf6 39. Re5 Bd6 40. Rxf5+ Ke6 41. Rb5 Bxf4 42. Rxb7 Rd1+ 43. Ka2 Rd2 44. Nh5 Be5 45. Ng7+ Kf6 46. Kb3 Rxh2 47. Rxa7 h5 48. Nxh5+ Rxh5 49. a4 Ke6 50. Rb7 Kd6 51. Rb5 Rh1 52. a5 Ra1 53. Kc4 Bf4 54. Rd5+ Kc7 55. Rf5 Bd6 56. Kb5 Re1 57. b4 Re5+ 58. Rxe5 Bxe5 59. c4 Bc3 60. a6 Kb8 61. Kc5 Kc7 62. b5 Ba5 63. Kd5 Be1 64. c5 Ba5 65. Ke6 Be1 66. b6+ Kc6 67. a7 Kb7 68. c6+ 1-0

[Event "IND-chB 45th"]
[Site "Dindigul"]
[Date "2007.06.12"]
[Round "2"]
[White "Dave, Kantilal"]
[Black "Sivanandan, BS."]
[Result "0-1"]
[WhiteElo "2157"]
[BlackElo "2326"]
[PlyCount "134"]
[EventDate "2007.06.11"]
[EventType "swiss"]
[EventRounds "12"]
[EventCountry "IND"]
[SourceTitle "CBM 119 Extra"]
[Source "ChessBase"]
[SourceDate "2007.09.04"]
[SourceVersion "1"]
[SourceVersionDate "2007.09.04"]
[SourceQuality "1"]

1. e4 d5 2. exd5 Nf6 3. Nf3 Nxd5 4. d4 g6 5. Be2 Bg7 6. 0-0 0-0 7. c4 Nb6 8. Nc3 Bg4 9. Be3 Nc6 10. c5 Nd5 11. Qb3 Nxc3 12. bxc3 b6 13. h3 Be6 14. Qa4 Bd7 15. Qa3 e6 16. Rad1 bxc5 17. Qxc5 Ne7 18. c4 Ba4 19. Rd2 Qd6 20. Qa5 Bd7 21. d5 exd5 22. Bc5 Qf6 23. cxd5 Bh6 24. Rd4 Nf5 25. Rb4 Rfe8 26. Bd3 Qd8 27. Bxa7 Nd6 28. Rfb1 Nc8 29. Rb7 Bf4 30. Qb4 Bd6 31. Qd4 Qe7 32. Rc1 Nxa7 33. Rxa7 Bc5 34. Rxc5 Rxa7 35. Rc2 Rb7 36. Qf4 Qd6 37. Qc1 Qxd5 38. Bc4 Qa5 39. Qf4 Qf5 40. Qc1 Ba4 41. Bb3 Bxb3 42. axb3 Rxb3 43. Nd4 Qa5 44. Qf4 Rb1+ 45. Kh2 Qe5 46. Qxe5 Rxe5 47. Rxc7 Rb2 48. f3 Rd5 49. Rc4 Rd2 50. Nc2 Re5 51. Nb4 h5 52. Rc2 Rxc2 53. Nxc2 Re2 54. Nd4 Rd2 55. Nb3 Rb2 56. Nc5 Kg7 57. h4 Kf6 58. Kg3 Re2 59. Ne4+ Ke5 60. Ng5 f6 61. Nh3 Rd2 62. Nf4 Kf5 63. Nh3 g5 64. hxg5 fxg5 65. Ng1 g4 66. fxg4+ hxg4 67. Kh2 Kf4 0-1

[Event "IND-ch 43rd"]
[Site "Visakhapatnam"]
[Date "2006.04.14"]
[Round "16"]
[White "Gupta, Abhijeet"]
[Black "Sivanandan, BS."]
[Result "1-0"]
[WhiteElo "2434"]
[BlackElo "2452"]
[PlyCount "57"]
[EventDate "2006.04.03"]
[EventType "tourn"]
[EventRounds "21"]
[EventCountry "IND"]
[EventCategory "8"]
[SourceTitle "CBM 111 Extra"]
[Source "ChessBase"]
[SourceDate "2006.05.09"]
[SourceVersion "1"]
[SourceVersionDate "2006.05.09"]
[SourceQuality "1"]

1. d4 g6 2. c4 Nf6 3. Nc3 d5 4. cxd5 Nxd5 5. e4 Nxc3 6. bxc3 Bg7 7. Nf3 c5 8. Rb1 0-0 9. Be2 cxd4 10. cxd4 Qa5+ 11. Bd2 Qxa2 12. 0-0 Nd7 13. Ra1 Qb2 14. Bc4 Qb6 15. Ba5 Qd6 16. e5 Qb8 17. Qa4 a6 18. Qa2 e6 19. Rfc1 h5 20. Bb3 Re8 21. Ng5 Bh6 22. Ne4 Bxc1 23. Rxc1 Ra7 24. Nd6 Rf8 25. h4 Nf6 26. exf6 Qxd6 27. Qd2 Re8 28. Bb4 Qd8 29. Rxc8 1-0

[Event "IND-ch 43rd"]
[Site "Visakhapatnam"]
[Date "2006.04.05"]
[Round "4"]
[White "Sivanandan, BS."]
[Black "Deepan Chakkravarthy, J."]
[Result "1/2-1/2"]
[WhiteElo "2452"]
[BlackElo "2428"]
[PlyCount "73"]
[EventDate "2006.04.03"]
[EventType "tourn"]
[EventRounds "21"]
[EventCountry "IND"]
[EventCategory "8"]
[SourceTitle "CBM 111 Extra"]
[Source "ChessBase"]
[SourceDate "2006.05.09"]
[SourceVersion "1"]
[SourceVersionDate "2006.05.09"]
[SourceQuality "1"]

1. d4 Nf6 2. Nf3 g6 3. g3 Bg7 4. Bg2 0-0 5. 0-0 d6 6. Nc3 d5 7. Ne5 c6 8. Re1 Nbd7 9. Nxd7 Bxd7 10. e4 dxe4 11. Nxe4 Nxe4 12. Bxe4 Be6 13. c3 Qb6 14. h4 Rfe8 15. Qc2 Rad8 16. h5 Bd5 17. hxg6 hxg6 18. Bf4 Qa5 19. b4 Bxe4 20. Rxe4 Qf5 21. Rae1 e6 22. Qe2 Qb5 23. Qf3 a5 24. a3 axb4 25. axb4 Qf5 26. Qe2 Ra8 27. Be5 Bxe5 28. Rxe5 Qf6 29. b5 Rec8 30. Qb2 Qd8 31. bxc6 bxc6 32. Ra1 Rxa1+ 33. Qxa1 Ra8 34. Qb2 Ra5 35. Rxa5 Qxa5 36. Qb8+ Kg7 37. Qb3 1/2-1/2

[Event "New Delhi Parsvnath op 4th"]
[Site "New Delhi"]
[Date "2006.01.18"]
[Round "6"]
[White "Ramesh, Ramachandran B"]
[Black "Sivanandan, BS."]
[Result "1/2-1/2"]
[WhiteElo "2491"]
[BlackElo "2452"]
[PlyCount "95"]
[EventDate "2006.01.15"]
[EventType "swiss"]
[EventRounds "10"]
[EventCountry "IND"]
[SourceTitle "CBM 110 Extra"]
[Source "ChessBase"]
[SourceDate "2006.03.10"]
[SourceVersion "2"]
[SourceVersionDate "2006.03.10"]
[SourceQuality "1"]

1. e4 e5 2. Nf3 Nc6 3. Bb5 Nf6 4. 0-0 Nxe4 5. d4 Nd6 6. Bxc6 dxc6 7. dxe5 Nf5 8. Qxd8+ Kxd8 9. Nc3 h6 10. h3 Bd7 11. b3 Ke8 12. Bb2 Rd8 13. Rad1 Be6 14. Ne4 Rxd1 15. Rxd1 Bd5 16. Re1 h5 17. c4 Bxe4 18. Rxe4 Be7 19. g3 c5 20. Bc1 Kd7 21. Kf1 Ke6 22. Ke2 Rd8 23. Bb2 c6 24. g4 hxg4 25. hxg4 Nh4 26. Nxh4 Bxh4 27. f4 Rh8 28. f5+ Ke7 29. Bc1 g6 30. Kf3 Rd8 31. Be3 b6 32. Ke2 Rh8 33. Bd2 Rd8 34. a4 a5 35. e6 gxf5 36. gxf5 Bf6 37. exf7+ Kxf7 38. Re6 Rg8 39. Rxc6 Rg2+ 40. Ke1 Bh4+ 41. Kd1 Rg1+ 42. Kc2 Rg2 43. Rxb6 Bg5 44. Rd6 Rxd2+ 45. Rxd2 Bxd2 46. Kxd2 Kf6 47. Ke3 Kxf5 48. Kf3 1/2-1/2

[Event "Asia-ch 5th"]
[Site "Hyderabad"]
[Date "2005.10.13"]
[Round "7"]
[White "Himanshu, Sharma"]
[Black "Sivanandan, BS."]
[Result "1-0"]
[WhiteElo "2391"]
[BlackElo "2467"]
[PlyCount "129"]
[EventDate "2005.10.05"]
[EventType "swiss"]
[EventRounds "9"]
[EventCountry "IND"]
[SourceTitle "CBM 110"]
[Source "ChessBase"]
[SourceDate "2006.01.31"]
[SourceVersion "1"]
[SourceVersionDate "2006.01.31"]
[SourceQuality "1"]

1. e4 e5 2. Bc4 Nf6 3. d3 c6 4. Nf3 d5 5. Bb3 dxe4 6. Ng5 Bc5 7. Nxf7 Qb6 8. 0-0 Bg4 9. Qe1 0-0 10. Ng5+ Kh8 11. Nxe4 Nxe4 12. dxe4 Rxf2 13. Rxf2 Nd7 14. Bg5 Rf8 15. Bh4 g5 16. Bg3 h5 17. h4 Qd8 18. Qd2 Rf4 19. Nc3 Bxf2+ 20. Bxf2 gxh4 21. Be3 Rf8 22. Bg5 Qb6+ 23. Qe3 Qd4 24. Rf1 Rxf1+ 25. Kxf1 h3 26. gxh3 Qxe3 27. Bxe3 Bxh3+ 28. Kf2 a6 29. Kg3 Bg4 30. Kh4 Kg7 31. Kg5 b5 32. Bf2 Bf3 33. Be6 Nf6 34. Bg3 Nxe4+ 35. Nxe4 Bxe4 36. Bxe5+ Kf8 37. Bd6+ Ke8 38. c3 Bf3 39. b4 Kd8 40. a3 Be2 41. Bc5 Kc7 42. Bf7 Kd7 43. Bg6 Bf3 44. Bf5+ Kc7 45. Bd4 Kb7 46. Bg6 Kc7 47. Bxh5 Bg2 48. Bc5 Bh1 49. Kf6 Bg2 50. Ke5 Bh1 51. Be7 Bg2 52. Bg4 Bh1 53. Kd4 Bd5 54. Bf5 Bf3 55. Be4 Bg4 56. Kc5 Bd7 57. Bd6+ Kb7 58. Be5 Be8 59. Kd6 a5 60. bxa5 Ka6 61. Bxc6 Bg6 62. Kc5 Bd3 63. Bc7 Be2 64. Bd7 Bd3 65. Bb6 1-0

[Event "Asia-ch 5th"]
[Site "Hyderabad"]
[Date "2005.10.09"]
[Round "4"]
[White "Sivanandan, BS."]
[Black "Ganguly, Surya Shekhar"]
[Result "1/2-1/2"]
[WhiteElo "2467"]
[BlackElo "2562"]
[PlyCount "135"]
[EventDate "2005.10.05"]
[EventType "swiss"]
[EventRounds "9"]
[EventCountry "IND"]
[SourceTitle "CBM 110"]
[Source "ChessBase"]
[SourceDate "2006.01.31"]
[SourceVersion "1"]
[SourceVersionDate "2006.01.31"]
[SourceQuality "1"]

1. d4 Nf6 2. c4 g6 3. Nc3 d5 4. cxd5 Nxd5 5. e4 Nxc3 6. bxc3 Bg7 7. Nf3 c5 8. Rb1 0-0 9. Be2 b6 10. 0-0 Bb7 11. Qd3 Ba6 12. Qe3 Qd7 13. dxc5 Bxe2 14. Qxe2 bxc5 15. Qc4 Qc6 16. Be3 Nd7 17. Rfd1 Rfc8 18. Rb5 Nb6 19. Qxc5 Qxe4 20. Qb4 Qc2 21. Rc1 Qxa2 22. Bxb6 axb6 23. Qxe7 Rxc3 24. Rcb1 Rc6 25. h4 Bf8 26. Qe4 Rc2 27. Rxb6 Rxf2 28. R6b2 Rxb2 29. Rxb2 Qa7+ 30. Kh1 Rc8 31. Rb1 Qa6 32. Qd5 Qf6 33. Qe5 Qc6 34. Rb8 Rxb8 35. Qxb8 h6 36. Qf4 Qa6 37. Qb8 Kg7 38. Qb2+ Kh7 39. Qb1 Qa5 40. Qd1 Qf5 41. Qd4 Be7 42. Qe5 Qd7 43. h5 Bd6 44. hxg6+ fxg6 45. Qd5 Qe7 46. Qd4 Qc7 47. Qe4 Qc1+ 48. Qe1 Qf4 49. Qe6 Qc1+ 50. Qe1 Qc5 51. Qe6 Qh5+ 52. Qh3 Qb5 53. Qe6 Qf1+ 54. Ng1 Bf8 55. Kh2 Qf4+ 56. Kh1 h5 57. Nf3 Bg7 58. Qe7 Kh6 59. Qe2 Bc3 60. Qc2 Qe3 61. Qd1 g5 62. Qd6+ Kg7 63. Qd7+ Kg6 64. Qd5 h4 65. Qxg5+ Qxg5 66. Nxg5 Kxg5 67. Kh2 Bd4 68. g4 1/2-1/2

[Event "Chennai WinTV op 1st"]
[Site "Chennai"]
[Date "2004.01.31"]
[Round "12"]
[White "Murugan, Krishnamoorthy"]
[Black "Sivanandan, BS."]
[Result "0-1"]
[WhiteElo "2390"]
[BlackElo "2340"]
[PlyCount "68"]
[EventDate "2004.01.21"]
[EventType "swiss"]
[EventRounds "13"]
[EventCountry "IND"]
[SourceTitle "CBM 098 Extra"]
[Source "ChessBase"]
[SourceDate "2004.03.10"]
[SourceVersion "2"]
[SourceVersionDate "2004.03.10"]
[SourceQuality "1"]

1. d4 Nf6 2. c4 g6 3. Nc3 d5 4. cxd5 Nxd5 5. e4 Nxc3 6. bxc3 Bg7 7. Bc4 c5 8. Ne2 Nc6 9. Be3 0-0 10. 0-0 Bd7 11. Rc1 Rc8 12. Qd2 Qa5 13. d5 Ne5 14. Bb3 Qa6 15. c4 b5 16. f4 bxc4 17. fxe5 cxb3 18. axb3 Bxe5 19. Rxc5 Qd6 20. Rxc8 Bxh2+ 21. Kh1 Rxc8 22. Nf4 Bg3 23. Rf3 Bh4 24. Bxa7 Bg4 25. Rd3 Qe5 26. Bf2 Bg5 27. Be3 Qxe4 28. d6 exd6 29. Nd5 Bh4 30. Bf2 Bf5 31. Re3 Qg4 32. Ne7+ Bxe7 33. Rxe7 Be4 34. Bg3 Rc1+ 0-1

[Event "Chennai WinTV op 1st"]
[Site "Chennai"]
[Date "2004.01.23"]
[Round "4"]
[White "Neelotpal, Das"]
[Black "Sivanandan, BS."]
[Result "1-0"]
[WhiteElo "2461"]
[BlackElo "2340"]
[PlyCount "91"]
[EventDate "2004.01.21"]
[EventType "swiss"]
[EventRounds "13"]
[EventCountry "IND"]
[SourceTitle "CBM 098 Extra"]
[Source "ChessBase"]
[SourceDate "2004.03.10"]
[SourceVersion "2"]
[SourceVersionDate "2004.03.10"]
[SourceQuality "1"]

1. Nf3 Nf6 2. g3 b6 3. Bg2 Bb7 4. 0-0 g6 5. d3 Bg7 6. e4 0-0 7. c4 d6 8. Nc3 Nbd7 9. Nh4 e5 10. f4 exf4 11. Bxf4 Ne5 12. d4 Nxc4 13. e5 Bxg2 14. exf6 Qxf6 15. Kxg2 Nxb2 16. Qe2 Qxd4 17. Qxb2 Qxc3 18. Qxc3 Bxc3 19. Rac1 Bf6 20. Bh6 Bxh4 21. gxh4 Rfc8 22. Rc6 f5 23. Rfc1 Kf7 24. Rxc7+ Rxc7 25. Rxc7+ Ke6 26. Rxh7 Rc8 27. Rxa7 Rc2+ 28. Kg3 Rc3+ 29. Kf2 Rc2+ 30. Ke3 Rxh2 31. Bg5 b5 32. Kd4 f4 33. Ke4 d5+ 34. Kxf4 Kd6 35. Ra6+ Kc5 36. Be7+ Kc4 37. Rc6+ Kd3 38. a3 Rf2+ 39. Kg3 Rf1 40. Kg2 Rf7 41. Bg5 Ra7 42. Rxg6 Rxa3 43. h5 Ke4 44. h6 Kf5 45. h7 Kxg6 46. h8Q 1-0

[Event "Commonwealth-ch"]
[Site "Mumbai"]
[Date "2004.01.17"]
[Round "8"]
[White "Sivanandan, BS."]
[Black "Vinuthna, N."]
[Result "1-0"]
[WhiteElo "2340"]
[BlackElo "2094"]
[PlyCount "69"]
[EventDate "2004.01.10"]
[EventType "swiss"]
[EventRounds "9"]
[EventCountry "IND"]
[SourceTitle "EXT 2006"]
[Source "ChessBase"]
[SourceDate "2005.11.24"]
[SourceVersion "1"]
[SourceVersionDate "2005.11.24"]
[SourceQuality "1"]

1. e4 c5 2. b3 Nc6 3. Bb2 e5 4. Bb5 Nge7 5. Nf3 d6 6. Nc3 g6 7. h4 Bg4 8. Nd5 Bg7 9. Ne3 Bd7 10. h5 a6 11. h6 Bf8 12. Bxc6 Bxc6 13. Qe2 Ng8 14. Nd5 Bxh6 15. Nxe5 dxe5 16. Bxe5 f6 17. Nc7+ Ke7 18. Bg3 Rc8 19. Nd5+ Kf7 20. Nc3 Qe7 21. 0-0-0 Bg7 22. f4 f5 23. e5 Qe6 24. d4 cxd4 25. Rxd4 Bf8 26. Rhd1 Bc5 27. Bh4 Nh6 28. Rd6 Ba3+ 29. Kb1 Bxd6 30. Rxd6 Qe8 31. Qc4+ Kf8 32. Rf6+ Kg7 33. Re6 Qf7 34. Re7 Bxg2 35. Bf6+ 1-0

[Event "Commonwealth-ch"]
[Site "Mumbai"]
[Date "2004.01.12"]
[Round "3"]
[White "Vahidov, Tair"]
[Black "Sivanandan, BS."]
[Result "1-0"]
[WhiteElo "2515"]
[BlackElo "2340"]
[PlyCount "93"]
[EventDate "2004.01.10"]
[EventType "swiss"]
[EventRounds "9"]
[EventCountry "IND"]
[SourceTitle "EXT 2006"]
[Source "ChessBase"]
[SourceDate "2005.11.24"]
[SourceVersion "1"]
[SourceVersionDate "2005.11.24"]
[SourceQuality "1"]

1. d4 Nf6 2. c4 g6 3. Nc3 d5 4. Nf3 Bg7 5. Bf4 0-0 6. e3 c5 7. dxc5 Qa5 8. Rc1 dxc4 9. Bxc4 Qxc5 10. Bb3 Nc6 11. 0-0 Qa5 12. h3 Bf5 13. Qe2 Ne4 14. Nd5 e5 15. Bh2 Rad8 16. Rfd1 Be6 17. Qc4 Nd6 18. Qa4 Qxa4 19. Bxa4 Bxd5 20. Rxd5 Nb4 21. Rd2 Ne4 22. Rxd8 Rxd8 23. Rc4 b5 24. Rxe4 bxa4 25. Bxe5 Rd1+ 26. Kh2 Nd3 27. Bxg7 Nxf2 28. Rxa4 Kxg7 29. Rxa7 Nd3 30. b3 Ra1 31. Rd7 Nc5 32. Rc7 Nd3 33. a4 h6 34. Kg3 g5 35. Rc3 Nb4 36. e4 Rd1 37. Rc4 Na2 38. b4 Rb1 39. b5 Rb3 40. h4 Nc3 41. hxg5 hxg5 42. Kg4 f6 43. Nd4 Ra3 44. Rc7+ Kg8 45. b6 Nxe4 46. b7 Rg3+ 47. Kh5 1-0